| 000 | 00394nam a2200169Ia 4500 | ||
|---|---|---|---|
| 008 | 230524s9999 xx 000 0 und d | ||
| 020 | _a8174091076 | ||
| 082 |
_a621.309 _bMAN |
||
| 100 | _aB.S.Manke | ||
| 245 | 0 | _aLinear Control Systems | |
| 250 | _a8TH | ||
| 260 |
_aNEW DELHI _bKhanna _c2005 |
||
| 300 | _aV;603 | ||
| 500 | _aQuantity Number: 57 | ||
| 650 | _aElectrical | ||
| 942 | _cBK | ||
| 999 |
_c15551 _d15551 |
||